Decodificador de la Guerra Civil Española - Estadísticas

Estadísticas generales
  • Esta prueba ha sido intentada 1.003 veces
  • La puntuación promedio es 9 de 19
Estadísticas de respuestas
Pista Respuesta % Correcto
I País fascista que intervino en la guerra Italia
92%
E Río donde se libró la mayor batalla de la guerra Ebro
83%
L Lema nacionalista: Una, Grande y _____ Libre
71%
U País comunista que apoyó al bando republicano Unión Soviética
71%
N Lema republicano utilizado durante el asedio de Madrid No pasarán!
70%
C Legión alemana que bombardeó Guernica Cóndor
64%
V Capital republicana de 1936 a 1937 Valencia
64%
N Poeta chileno que apoyó a los republicanos (apellido) Neruda
62%
O Autor de 1984 que participó en la guerra (apellido) Orwell
52%
A Último presidente de la República (apellido) Azaña
50%
M Guerrilleros que continuaron luchando hasta 1965 Maquis
41%
A Ejército de ______, capitaneado por Franco desde 1936 Africa
38%
R Organización carlista que operó durante la guerra Requeté
25%
D Sindicalista de la CNT fallecido en 1936 (apellido) Durruti
24%
S "León del Rif", fallecido en 1936 (apellido) Sanjurjo
21%
L Batallón internacional de los Estados Unidos Lincoln
15%
A Ofensiva de 1937 que puso fin a la guerra en el norte Asturias
14%
Nunca la olvidaremos
10%
O Pueblo con una infame prisión utilizada por Franco Ocaña
5%
No se encontraron pruebas coincidentes
Distribución de puntuación
Porcentaje de gente con cada puntuación
Porcentaje por número respondido
Historial de tus puntuaciones
No has intentado esta prueba.